Ligne 12 des TPG : tous les arrêts - Statistiques

Statistiques générales
  • Ce quiz a été pris 22 fois
  • Le résultat moyen est 19 sur 25
Statistiques - réponses
Connexions Arrêt % Correct
2, 3, 5, 7, 10, 14, 18, 19, 20, 80, 92 Genève, Bel-Air
94%
2, 7, 10, 17, 92 Genève, Molard
94%
3, 5, 17, 18, 20, 92 Genève, Place de Neuve
94%
1, 15, 17, 18 Genève, Plainpalais
94%
2, 6, 7, 8, 9, 10, 17, 25, 33, 92, 271, A, E, E+, G, G+ Genève, Rive
94%
17 Thônex, Moillesulaz
94%
11, 17 Genève-Eaux-Vives, gare
88%
18, 21, 22, 41, 44, 45 Carouge, Rondeau
82%
1, 18 Genève, Pont-d'Arve
82%
1, 17, 25, 274 Genève, Terrassière
82%
11, 18 Carouge, Armes
76%
11, 18 Carouge, Marché
76%
18, 22, 23, 43, 46, 80, 82, 272 Lancy-Bachet, gare
76%
18, 91 Genève, Augustins
71%
18 Genève, Blanche
71%
17 Chêne-Bougeries, Grange-Canal
65%
17, 31, 37, C3 Chêne-Bourg, Peillonnex
65%
17, 31, 37, 38, 41 Chêne-Bourg, Place Favre
65%
11, 17 Genève, Amandolier
65%
17 Genève, Villereuse
65%
18 Grand-Lancy, De-Staël
65%
17, 32, C3, C4 Thônex, Graveson
65%
18 Carouge, Ancienne
53%
17, 34 Chêne-Bougeries, Grange Falquet
53%
17, 34 Chêne-Bougeries, Grangettes
53%
Aucun quiz correspondant
Distribution des résultats
% des personnes avec chaque résultat
Percentile par nombre de réponses
Votre historique - résultats
Vous n’avez pas pris ce quiz